03168fam a2200445 a 45000010008000000030005000080050017000130080041000300100017000710200015000880350020001030350023001230350017001460400027001630500022001900820017002121000020002292450066002492500012003152600048003273000035003755040053004105051003004635050049014666500029015156500049015449000008015939420012016019990015016139520110016289520116017389520128018549520104019829520104020869520104021909520104022949520116023989520104025149520104026182002145Nust20180117090018.0960429s1997 nyua b 001 0 eng  a 96008643  a0070214980 a(OCoLC)34691241 a(OCoLC)ocm34691241 a(NNC)2002145 aDLCcDLCdDLCdOrLoB-B00aHC79.E5bF47 199700a658.4/082201 aField, Barry C.10aEnvironmental economics :ban introduction /cBarry C. Field. a3rd ed. aIslamabadbNational Book foundationcc1997. axvii, 510 p. :bill. ;c24 cm. aIncludes bibliographical references and indexes.20g1.tWhat is Environmental Economics? --g2.tThe Economy and the Environment --g3.tBenefits and Costs, Supply and Demand --g4.tEconomic Efficiency and Markets --g5.tThe Economics of Environmental Quality --g6.tFrameworks of Analysis --g7.tBenefit-Cost Analysis: Benefits --g8.tBenefit-Cost Analysis: Costs --g9.tCriteria for Evaluating Environmental Policies --g10.tDecentralized Policies: Liability Laws, Property Rights, Moral Suasion --g11.tCommand-and-Control Strategies: The Case of Standards --g12.tIncentive-Based Strategies: Emission Charges and Subsidies --g13.tIncentive-Based Strategies: Transferable Discharge Permits --g14.tFederal Water Pollution-Control Policy --g15.tFederal Air Pollution-Control Policy --g16.tFederal Policy on Toxic and Hazardous Substances --g17.tState and Local Environmental Issues --g18.tEnvironmental Issues in Other Industrialized Countries --g19.tEconomic Development and the Environment --g20.tThe Global Environment --80g21.tInternational Environmental Agreements. 0aEnvironmental economics. 0aEconomic developmentxEnvironmental aspects. bTOC 2ddccBK c3873d3873 00102ddc4070aCLbCLcGENd2016-12-19l1o333.7 FIEpS3H-N-973r2026-02-09s2026-02-06w2016-12-19yBK 00102ddc40708NFICaCLbCLcGENd2016-12-20l1o333.7 FIEpS3H-N-977r2022-02-21s2022-02-21w2016-12-20yBK 00102ddc40708NFICaCLbCLcGENd2016-12-20l2o333.7 FIEpS3H-N-974q2022-03-15r2022-02-28s2022-02-28w2016-12-20yBK 00102ddc40708NFICaCLbCLcGENd2016-12-20l0o333.7 FIEpS3H-N-972r2016-12-20w2016-12-20yBK 00102ddc40708NFICaCLbCLcGENd2016-12-20l0o333.7 FIEpS3H-N-971r2016-12-20w2016-12-20yBK 00102ddc40708NFICaCLbCLcGENd2016-12-20l0o333.7 FIEpS3H-N-978r2016-12-20w2016-12-20yBK 00102ddc40708NFICaCLbCLcGENd2016-12-20l0o333.7 FIEpS3H-N-975r2016-12-20w2016-12-20yBK 00102ddc40708NFICaCLbCLcGENd2016-12-20l1o333.7 FIEpS3H-N-976r2024-10-01s2019-01-10w2016-12-20yBK 00102ddc40708NFICaCLbCLcGENd2016-12-20l0o333.7 FIEpS3H-N-979r2016-12-20w2016-12-20yBK 00102ddc40708NFICaCLbCLcGENd2016-12-20l0o333.7 FIEpS3H-N-980r2016-12-20w2016-12-20yBK